000 00724cab a2200241 4500
001 WB2907-09
008 090401t1993 xxu||||| |||| 00| 0 eng d
035 _a(Sirsi) u54407
041 _aeng
245 _aNew ECA contract form
260 _c1993
350 _a0
490 _aContract Journal
_v366(5912) 18 February 1993, 2(1)
520 _aThe Electrical Contractors Association is due to launch a new form of contract shortly.
650 _aALTERNATIVE DISPUTE RESOLUTION
650 _aELECTRICAL CONTRACTORS ASSOCIATION
650 _aFORM OF CONTRACT
650 _aINDEPENDENT EXPERT
650 _aMEDIATION
690 _aBUILT ENVIRONMENT-BUILDING CONTRACT FORMS
942 _n0
948 _c04/03/1997
999 _c33350
_d33350